[Event "15. Sparkassen Open 2016 - Gruppe B"]
[Site "Forchheim"]
[Date "2016.10.01"]
[Round "2.41"]
[White "Schubert, Nikita"]
[Black "Schulz, Horst"]
[Result "1/2-1/2"]
[WhiteElo "1775"]
[BlackElo "1739"]
[PlyCount "70"]
[EventDate "2016.??.??"]
[WhiteTeam "ESV Gera"]
[BlackTeam "SC Höchstadt/Aisch"]

1. Nf3 Nf6 2. g3 e6 3. Bg2 d5 4. d4 Be7 5. O-O O-O 6. c4 c6 7. Qc2 Ne4 8. Nfd2
f5 9. f3 Nf6 10. e4 Na6 11. a3 Bd7 12. b4 Rc8 13. Bb2 b5 14. c5 Nc7 15. a4 a6
16. Nc3 fxe4 17. fxe4 Ng4 18. Qd3 Bg5 19. Nf3 Bh6 20. Rfe1 Nf6 21. Ne5 dxe4 22.
Nxe4 Nxe4 23. Bxe4 g6 24. Nxc6 Bxc6 25. Bxc6 Bg7 26. Red1 Rb8 27. axb5 axb5 28.
Bc3 Nd5 29. Ra5 Nxc3 30. Qxc3 e5 31. d5 Qf6 32. Qe3 Bh6 33. Qe2 e4 34. Kg2 e3
35. Rf1 Qd6 1/2-1/2

[Event "15. Sparkassen Open 2016 - Gruppe B"]
[Site "Forchheim"]
[Date "2016.10.01"]
[Round "2.42"]
[White "Drewes, Thomas"]
[Black "Ganser, Ganokorn"]
[Result "1/2-1/2"]
[WhiteElo "1824"]
[BlackElo "1714"]
[PlyCount "72"]
[EventDate "2016.??.??"]
[WhiteTeam "SV Würzburg"]
[BlackTeam "SC Böblingen"]

1. d4 Nf6 2. Bg5 e6 3. Nd2 c5 4. c3 cxd4 5. cxd4 Qa5 6. Bxf6 gxf6 7. a3 b6 8.
b4 Qd5 9. Ngf3 f5 10. e3 Bb7 11. Bc4 Qd6 12. Be2 Rg8 13. g3 Na6 14. Rc1 Rc8 15.
Rxc8+ Bxc8 16. Qa4 Qc7 17. O-O Nb8 18. b5 Be7 19. Ne5 f6 20. Nd3 a5 21. Rc1 Qd8
22. Bf3 Kf7 23. Rc3 d5 24. Qc2 Bd6 25. Nf4 Bb7 26. Kf1 Qd7 27. g4 fxg4 28.
Qxh7+ Rg7 29. Qh5+ Kg8 30. Bxg4 Qxb5+ 31. Be2 Qd7 32. Qh3 Bxf4 33. exf4 Qd6 34.
Qh5 Qe7 35. Rh3 Rh7 36. Qg6+ Rg7 1/2-1/2

[Event "15. Sparkassen Open 2016 - Gruppe B"]
[Site "Forchheim"]
[Date "2016.10.01"]
[Round "2.43"]
[White "Kocak, Ediz"]
[Black "Dreiseitel, Werner"]
[Result "1-0"]
[WhiteElo "1819"]
[BlackElo "1599"]
[PlyCount "43"]
[EventDate "2016.??.??"]
[WhiteTeam "SW Nürnberg Süd"]
[BlackTeam "SGem Fürth"]

1. d4 d5 2. Bf4 c6 3. e3 Bf5 4. c4 e6 5. Qb3 Qb6 6. c5 Qxb3 7. axb3 Bxb1 8.
Rxb1 g6 9. b4 Bg7 10. Nf3 Nd7 11. b5 Ne7 12. b4 O-O 13. bxc6 bxc6 14. Bd6 Rfe8
15. Ba6 Nf5 16. Bb7 Nxd6 17. Bxa8 Rxa8 18. cxd6 a6 19. O-O Bf8 20. Rfc1 Rc8 21.
Ne5 Bxd6 22. Nxd7 1-0

[Event "15. Sparkassen Open 2016 - Gruppe B"]
[Site "Forchheim"]
[Date "2016.10.01"]
[Round "2.44"]
[White "Weißmann, Peter"]
[Black "Glück, Ulrich"]
[Result "0-1"]
[WhiteElo "1778"]
[BlackElo "1743"]
[PlyCount "108"]
[EventDate "2016.??.??"]
[WhiteTeam "SK Zirndorf"]
[BlackTeam "MSA Zugzwang"]

1. e4 c5 2. Nf3 e6 3. d4 cxd4 4. Nxd4 a6 5. c4 Nc6 6. Nxc6 bxc6 7. Nc3 Bb7 8.
Be3 Be7 9. Be2 d6 10. O-O Nf6 11. f4 O-O 12. Bf3 d5 13. e5 Nd7 14. Qb3 Qc7 15.
Rac1 Nc5 16. Bxc5 Bxc5+ 17. Kh1 Qb6 18. Qxb6 Bxb6 19. cxd5 cxd5 20. Na4 Ba5 21.
b4 Bd8 22. Rc2 Rc8 23. Rxc8 Bxc8 24. Nc5 Bb6 25. Rc1 Rd8 26. Be2 a5 27. b5 Kf8
28. a4 Ke7 29. g4 g6 30. Kg2 h6 31. Kg3 f6 32. exf6+ Kxf6 33. h4 g5 34. fxg5+
hxg5 35. hxg5+ Kxg5 36. Na6 Bd7 37. Rh1 d4 38. Bd3 Re8 39. Rh5+ Kf6 40. Rh6+
Ke5 41. Rh5+ Kd6 42. Rh6 Rc8 43. Kf4 Rc3 44. Ke4 Rc8 45. g5 Rg8 46. g6 Be8 47.
Kf4 e5+ 48. Kg5 Bd8+ 49. Kh5 Kd5 50. Bb1 Kd6 51. Nb8 Rf8 52. Rh7 Rf1 53. Be4
Rf4 54. Bd5 Rh4# 0-1

[Event "15. Sparkassen Open 2016 - Gruppe B"]
[Site "Forchheim"]
[Date "2016.10.01"]
[Round "2.45"]
[White "Hartewig, Anja"]
[Black "Völk, Tobias"]
[Result "0-1"]
[WhiteElo "1790"]
[BlackElo "1677"]
[PlyCount "130"]
[EventDate "2016.??.??"]
[WhiteTeam "Chemnitzer SC Aufbau"]
[BlackTeam "SC JÄKLECHEMIE"]

1. d4 d5 2. c4 e6 3. Nf3 Nf6 4. g3 Be7 5. Bg2 O-O 6. O-O c6 7. Nbd2 Nbd7 8. b3
a5 9. Bb2 b6 10. Qc2 Ba6 11. Rfe1 Re8 12. e4 dxe4 13. Nxe4 Nxe4 14. Rxe4 Nf6
15. Re2 Rc8 16. Ne5 b5 17. Nxc6 Qc7 18. Nxe7+ Rxe7 19. c5 Bb7 20. Qd3 Bxg2 21.
Kxg2 Qc6+ 22. Kg1 Rd7 23. Rc1 Nd5 24. Re4 Nb4 25. Qb1 Nxa2 26. Rh4 Nxc1 27.
Qxh7+ Kf8 28. Bxc1 f6 29. Qg6 Rf7 30. Rh8+ Ke7 31. Rh7 Rcf8 32. Bf4 Rg8 33.
Bd6+ Ke8 34. Rh4 Qc8 35. Re4 Rh8 36. Re2 Rh6 37. Qd3 Qd7 38. d5 e5 39. f4 Kd8
40. fxe5 fxe5 41. Bxe5 Qh3 42. Qd1 a4 43. bxa4 bxa4 44. c6 Rf5 45. c7+ Kc8 46.
d6 Rxe5 47. d7+ Qxd7 48. Qxd7+ Kxd7 49. Rxe5 Ra6 50. Rc5 Kc8 51. Kg2 a3 52. Rc1
a2 53. Ra1 Kxc7 54. Kf3 Kd6 55. Ke4 Kc5 56. h4 Kc4 57. g4 Kb3 58. h5 Kb2 59.
Rxa2+ Kxa2 60. Kf5 Kb3 61. g5 Kc4 62. g6 Kd5 63. h6 gxh6 64. g7 Ra8 65. Kg6 Ke6
0-1

[Event "15. Sparkassen Open 2016 - Gruppe B"]
[Site "Forchheim"]
[Date "2016.10.01"]
[Round "2.46"]
[White "Seifert, Heinz"]
[Black "Gerlach, Florian"]
[Result "0-1"]
[WhiteElo "1650"]
[BlackElo "1855"]
[PlyCount "58"]
[EventDate "2016.??.??"]
[WhiteTeam "SV Lauf"]
[BlackTeam "SK Weilheim"]

1. e4 e6 2. d4 d5 3. Na3 Nf6 4. Bg5 Be7 5. e5 Nfd7 6. h4 O-O 7. Qg4 f6 8. Bh6
Rf7 9. Bd3 fxe5 10. dxe5 Nxe5 11. Qg3 Nxd3+ 12. cxd3 Bd6 13. f4 Qf6 14. Bg5
Bxf4 15. Bxf4 Qxf4 16. Qxf4 Rxf4 17. Nb5 Rf7 18. Rc1 Nc6 19. Nf3 a6 20. Nc3 Bd7
21. Kd2 Raf8 22. Rce1 h6 23. Re2 Rf4 24. Rhe1 Nd4 25. Nxd4 Rxd4 26. g3 Rf3 27.
Re3 Rxe3 28. Kxe3 Rb4 29. Re2 d4+ 0-1

[Event "15. Sparkassen Open 2016 - Gruppe B"]
[Site "Forchheim"]
[Date "2016.10.01"]
[Round "2.47"]
[White "Pils, Martina"]
[Black "Manco, Michela"]
[Result "1/2-1/2"]
[WhiteElo "1742"]
[BlackElo "1665"]
[PlyCount "58"]
[EventDate "2016.??.??"]
[WhiteTeam "SK Weilheim"]
[BlackTeam "TV Tegernsee"]

1. b4 e5 2. b5 Nf6 3. Bb2 d6 4. c4 Be6 5. d3 Be7 6. g3 O-O 7. Bg2 c6 8. a4 Qc7
9. Nd2 Nbd7 10. Ngf3 h6 11. O-O Rfd8 12. Rc1 Rac8 13. Rc2 Qb8 14. Qc1 d5 15.
Rd1 Re8 16. Qa1 cxb5 17. axb5 Bd6 18. Rdc1 d4 19. Nh4 Nc5 20. Ba3 Qc7 21. Ra2
Qe7 22. Bb4 Bb8 23. Qb2 Rc7 24. Nb3 Nfd7 25. Nxc5 Nxc5 26. Nf3 Bf5 27. Nd2 Bg4
28. Nb3 Nxd3 29. exd3 Qxb4 1/2-1/2

[Event "15. Sparkassen Open 2016 - Gruppe B"]
[Site "Forchheim"]
[Date "2016.10.01"]
[Round "2.48"]
[White "Bauschke, Norman"]
[Black "Gajewski, Richard"]
[Result "1-0"]
[WhiteElo "1601"]
[BlackElo "1735"]
[PlyCount "83"]
[EventDate "2016.??.??"]
[WhiteTeam "SC Höchstadt/Aisch"]
[BlackTeam "Wolframs-Eschenbach"]

1. d4 h6 2. e4 e6 3. Bd2 b6 4. g3 Bb7 5. Bg2 Nf6 6. f3 Nc6 7. Ne2 Be7 8. O-O
Ba6 9. Be3 d6 10. Nd2 Rc8 11. c4 g5 12. Qa4 Bb7 13. d5 exd5 14. cxd5 Qd7 15.
dxc6 Bxc6 16. Qc2 g4 17. Nd4 Bb7 18. Rac1 a6 19. Nf5 d5 20. e5 gxf3 21. Bh3 Kf8
22. exf6 Bxf6 23. Nxf3 c5 24. Kg2 d4 25. Bxh6+ Rxh6 26. Nxh6 Qd5 27. Bxc8 Bxc8
28. Qb3 Qh5 29. Qxf7+ Qxf7 30. Nxf7 Kxf7 31. Nxd4 Kg6 32. Ne2 Bf5 33. b3 Be4+
34. Kf2 Be7 35. Nf4+ Kf5 36. Rfe1 Bf6 37. Rc4 Bd4+ 38. Ke2 b5 39. Rcc1 a5 40.
Nd3 Bxd3+ 41. Kxd3 Be5 42. Rxe5+ 1-0

[Event "15. Sparkassen Open 2016 - Gruppe B"]
[Site "Forchheim"]
[Date "2016.10.01"]
[Round "2.49"]
[White "von Kortzfleisch, Ruben"]
[Black "Köhl, Marko"]
[Result "0-1"]
[WhiteElo "1618"]
[BlackElo "1544"]
[PlyCount "64"]
[EventDate "2016.??.??"]
[WhiteTeam "SF Bad Mergentheim"]
[BlackTeam "SK Rothenburg"]

1. e4 b6 2. d4 Bb7 3. Bd3 e6 4. Nf3 c5 5. c4 cxd4 6. Nxd4 g6 7. O-O Bg7 8. Bc2
Ne7 9. Nb5 O-O 10. N1c3 a6 11. Nd4 Nbc6 12. Be3 Rc8 13. b3 f5 14. f3 Nxd4 15.
Bxd4 Bxd4+ 16. Qxd4 Nc6 17. Qd6 Rf7 18. Rad1 Qf6 19. Qd2 Qe5 20. exf5 gxf5 21.
Rfe1 Qf6 22. Ne2 Rg7 23. Nf4 Qf7 24. Qf2 b5 25. cxb5 axb5 26. Rd6 Nb4 27. Bb1
Nd5 28. Nxd5 Bxd5 29. Rb6 Bc6 30. Rc1 Ra8 31. Bd3 Qf8 32. Bxb5 Bxb5 0-1

[Event "15. Sparkassen Open 2016 - Gruppe B"]
[Site "Forchheim"]
[Date "2016.10.01"]
[Round "2.50"]
[White "Knauer, Finn"]
[Black "Goda, Frederic"]
[Result "0-1"]
[WhiteElo "1498"]
[BlackElo "1695"]
[PlyCount "48"]
[EventDate "2016.??.??"]
[WhiteTeam "SK Weidhausen"]
[BlackTeam "SC Weiße Dame Ulm"]

1. d4 Nf6 2. Nf3 e6 3. e3 d5 4. b3 Be7 5. Bb2 O-O 6. Bd3 Nbd7 7. Nbd2 a5 8. O-O
a4 9. Ne5 c5 10. Bb5 Qb6 11. Bxa4 Rxa4 12. bxa4 Qxb2 13. Ndf3 Qb4 14. c3 Qxc3
15. Qb3 cxd4 16. exd4 Qa5 17. Qb6 Qa7 18. Rfc1 Nb8 19. Rc7 Bd6 20. Rc3 Bd7 21.
Qb3 Bxa4 22. Qb2 Nc6 23. Rb1 Nxd4 24. Kf1 Qa6+ 0-1

[Event "15. Sparkassen Open 2016 - Gruppe B"]
[Site "Forchheim"]
[Date "2016.10.02"]
[Round "3.1"]
[White "Siegl, Melina"]
[Black "Pohl, Steffen"]
[Result "1/2-1/2"]
[WhiteElo "1950"]
[BlackElo "1884"]
[PlyCount "83"]
[EventDate "2016.??.??"]
[WhiteTeam "SW Nürnberg Süd"]
[BlackTeam "SK Schwanstetten"]

1. e4 e6 2. d3 d5 3. Nd2 Nf6 4. Ngf3 dxe4 5. dxe4 Bc5 6. Bd3 Bd7 7. e5 Nd5 8.
Ne4 Be7 9. a3 Bc6 10. Qe2 Nd7 11. b4 N5b6 12. c4 a5 13. c5 Bxe4 14. Bxe4 Nd5
15. Bxd5 exd5 16. Rb1 axb4 17. axb4 O-O 18. e6 Nb8 19. exf7+ Rxf7 20. O-O Bf6
21. Bb2 Bxb2 22. Rxb2 Re7 23. Qd3 h6 24. Nd4 Nc6 25. Nf5 Re4 26. b5 Ne7 27. f3
Re5 28. Nd4 Qd7 29. Rfb1 Re8 30. Kf2 Nf5 31. c6 bxc6 32. bxc6 Qf7 33. Nxf5 Rxf5
34. Re2 Rxe2+ 35. Qxe2 Rf6 36. Rb8+ Kh7 37. Qe3 g6 38. Rd8 Rxc6 39. Rxd5 Re6
40. Rd8 Re7 41. h4 Qf6 42. g3 1/2-1/2

[Event "15. Sparkassen Open 2016 - Gruppe B"]
[Site "Forchheim"]
[Date "2016.10.02"]
[Round "3.2"]
[White "Meulner, Fabian"]
[Black "Wieczorek, Heinz"]
[Result "1-0"]
[WhiteElo "1870"]
[BlackElo "1793"]
[PlyCount "35"]
[EventDate "2016.??.??"]
[WhiteTeam "SW Nürnberg Süd"]
[BlackTeam "SW Nürnberg Süd"]

1. Nf3 Nf6 2. c4 e6 3. g3 d5 4. d4 dxc4 5. Bg2 Nc6 6. Qa4 Bb4+ 7. Bd2 Bxd2+ 8.
Nbxd2 O-O 9. Qxc4 Re8 10. Rc1 Qd5 11. O-O Bd7 12. e3 Re7 13. Ne5 Qxc4 14. Rxc4
Nd5 15. Nd3 Na5 16. Bxd5 exd5 17. Rxc7 Rc8 18. Rfc1 1-0

[Event "15. Sparkassen Open 2016 - Gruppe B"]
[Site "Forchheim"]
[Date "2016.10.02"]
[Round "3.3"]
[White "Mönius, Alexander"]
[Black "Werner, Denis"]
[Result "1-0"]
[WhiteElo "1893"]
[BlackElo "1595"]
[PlyCount "77"]
[EventDate "2016.??.??"]
[WhiteTeam "SC Höchstadt/Aisch"]
[BlackTeam "SC Garching"]

1. d4 d5 2. c4 c6 3. cxd5 cxd5 4. Nc3 Nf6 5. Bf4 a6 6. e3 Nc6 7. Be2 Bf5 8. a3
e6 9. Nf3 Bd6 10. Bxd6 Qxd6 11. O-O O-O 12. Na4 Nd7 13. b4 b5 14. Nc5 Nb6 15.
Qb3 Nc4 16. Ra2 Rfb8 17. Nh4 Bg6 18. Nxg6 hxg6 19. Rfa1 Qd8 20. Qc3 Ne7 21. e4
Qe8 22. exd5 Nxd5 23. Qc2 Ndb6 24. a4 Nd6 25. Bf3 Nd5 26. Qb3 Nc4 27. Re1 Qc6
28. Be4 Rd8 29. h3 Rdb8 30. Qg3 Nd6 31. Bxg6 Nxb4 32. Rb2 Nd5 33. axb5 axb5 34.
Bd3 Nc4 35. Bxc4 bxc4 36. Rxb8+ Rxb8 37. Qxb8+ Kh7 38. Qb7 Qe8 39. Qxd5 1-0

[Event "15. Sparkassen Open 2016 - Gruppe B"]
[Site "Forchheim"]
[Date "2016.10.02"]
[Round "3.4"]
[White "Gampper, Steffen"]
[Black "Gebhardt, Christian"]
[Result "0-1"]
[WhiteElo "1700"]
[BlackElo "1913"]
[PlyCount "48"]
[EventDate "2016.??.??"]
[WhiteTeam "SC Murrhardt"]
[BlackTeam "SV Seubelsdorf"]

1. d4 d6 2. Bf4 Nf6 3. Nc3 Nbd7 4. Qd2 e5 5. Bg5 Be7 6. f3 exd4 7. Qxd4 Nc5 8.
Bd2 Ne6 9. Qd3 d5 10. O-O-O d4 11. Ne4 O-O 12. e3 c5 13. Nxf6+ Bxf6 14. e4 a6
15. f4 b5 16. e5 Be7 17. Qe4 Ra7 18. Bd3 g6 19. f5 Ng5 20. Qg4 c4 21. Be4 Nxe4
22. Qxe4 Bxf5 23. Qf4 c3 24. Bxc3 Bg5 0-1

[Event "15. Sparkassen Open 2016 - Gruppe B"]
[Site "Forchheim"]
[Date "2016.10.02"]
[Round "3.5"]
[White "Petrashov, Alexander"]
[Black "Hetzner, Hannes"]
[Result "1-0"]
[WhiteElo "1785"]
[BlackElo "1368"]
[PlyCount "137"]
[EventDate "2016.??.??"]
[WhiteTeam "SC Noris-Tarrasch Nürnberg"]
[BlackTeam "SC Erlangen"]

1. d4 e6 2. c4 Bb4+ 3. Nc3 f5 4. a3 Bxc3+ 5. bxc3 b6 6. Nf3 Nf6 7. Bf4 Bb7 8.
e3 O-O 9. Bd3 d6 10. O-O Ne4 11. Bxe4 Bxe4 12. Ng5 Qe7 13. Qh5 g6 14. Qe2 Bb7
15. Nh3 Qg7 16. Bg3 Nd7 17. Qa2 Nf6 18. c5 d5 19. Be5 Qe7 20. cxb6 axb6 21.
Bxf6 Rxf6 22. f4 Ba6 23. Rfb1 Bc4 24. Qb2 Rff8 25. Qb4 Qd7 26. Ng5 Ra4 27. Qb2
Rfa8 28. Qc1 h6 29. Nf3 Qe8 30. Rb4 Rxb4 31. axb4 Kg7 32. Ra3 Qc8 33. Qa1 Rxa3
34. Qxa3 Qa6 35. Qxa6 Bxa6 36. Kf2 Bb5 37. h3 Kf6 38. g4 fxg4 39. hxg4 Be8 40.
Nd2 Ke7 41. c4 dxc4 42. Nxc4 Kd7 43. e4 Ke7 44. Ke3 Kf6 45. d5 exd5 46. exd5 g5
47. d6 gxf4+ 48. Kxf4 cxd6 49. Nxb6 h5 50. g5+ Kg6 51. Nc8 d5 52. Ne7+ Kg7 53.
Nxd5 Bf7 54. Nf6 h4 55. Kg4 h3 56. Kxh3 Bc4 57. Ne4 Kf8 58. Kg4 Ke7 59. Kf5 Bd3
60. Ke5 Kf7 61. Nd6+ Kg6 62. Kf4 Kh7 63. b5 Bxb5 64. Nxb5 Kh8 65. Kf5 Kh7 66.
Kf6 Kg8 67. g6 Kf8 68. g7+ Kg8 69. Nc3 1-0

[Event "15. Sparkassen Open 2016 - Gruppe B"]
[Site "Forchheim"]
[Date "2016.10.02"]
[Round "3.6"]
[White "Walter, Stefan"]
[Black "Hummel, Thomas"]
[Result "1/2-1/2"]
[WhiteElo "1934"]
[BlackElo "1906"]
[PlyCount "58"]
[EventDate "2016.??.??"]
[WhiteTeam "SGem Fürth"]
[BlackTeam "SK Neumarkt"]

1. e4 d5 2. exd5 Qxd5 3. Nc3 Qa5 4. d4 Nf6 5. Nf3 Bf5 6. Bc4 e6 7. Bd2 c6 8.
Nh4 Bg6 9. Nxg6 hxg6 10. Qe2 Qh5 11. O-O-O Qxe2 12. Bxe2 Bd6 13. h3 Nbd7 14.
Bf3 Nb6 15. Kb1 Nc4 16. Bc1 Bb4 17. Ne2 O-O-O 18. c3 Be7 19. Rhe1 Rd7 20. b3
Nd6 21. Nf4 Nf5 22. g3 Bd6 23. h4 Nd5 24. Nxd5 cxd5 25. Bb2 Rhd8 26. Re2 Kb8
27. Rc1 Be7 28. Rd1 Bf6 29. Bc1 Be7 1/2-1/2

[Event "15. Sparkassen Open 2016 - Gruppe B"]
[Site "Forchheim"]
[Date "2016.10.02"]
[Round "3.7"]
[White "Grasser, Stefan"]
[Black "Wiesner, Frank"]
[Result "0-1"]
[WhiteElo "1756"]
[BlackElo "1874"]
[PlyCount "98"]
[EventDate "2016.??.??"]
[WhiteTeam "SV Hellern"]
[BlackTeam "SK Wernau"]

1. c4 c5 2. Nc3 Nf6 3. g3 Nc6 4. Bg2 g6 5. Nf3 Bg7 6. O-O O-O 7. d4 cxd4 8.
Nxd4 a6 9. Nxc6 bxc6 10. Qd3 a5 11. Rd1 Ba6 12. b3 Qc7 13. Qd2 Rab8 14. Bb2 d6
15. Rac1 Bb7 16. c5 d5 17. Na4 e5 18. Nb6 Rfe8 19. Bc3 Qe7 20. Bxa5 Ng4 21. h3
Bh6 22. e3 Nf6 23. Qe2 Nd7 24. Nxd7 Qxd7 25. a4 Ra8 26. b4 f5 27. Ra1 e4 28.
Rdb1 Bg7 29. Ra3 g5 30. Bb6 Be5 31. a5 Ba6 32. Qh5 Qg7 33. Bf1 Bxf1 34. Kxf1 f4
35. exf4 gxf4 36. gxf4 Bxf4 37. Qg4 Qxg4 38. hxg4 d4 39. f3 d3 40. fxe4 d2 41.
Rd3 Rxe4 42. Rd8+ Rxd8 43. Bxd8 Bg3 44. Bg5 Re1+ 45. Kg2 Rxb1 46. Bxd2 Be1 47.
Bxe1 Rxe1 48. b5 cxb5 49. c6 Rc1 0-1

[Event "15. Sparkassen Open 2016 - Gruppe B"]
[Site "Forchheim"]
[Date "2016.10.02"]
[Round "3.8"]
[White "Hofmann, Marko"]
[Black "Askri, Samir"]
[Result "1-0"]
[WhiteElo "1796"]
[BlackElo "1806"]
[PlyCount "57"]
[EventDate "2016.??.??"]
[WhiteTeam "SV Seubelsdorf"]
[BlackTeam "DJK Amberg"]

1. Nc3 e5 2. e4 d6 3. f4 Nf6 4. Nf3 Nbd7 5. Bc4 Be7 6. Bxf7+ Kxf7 7. Ng5+ Kg8
8. Ne6 Qe8 9. Nxc7 Qg6 10. O-O Nc5 11. Nxa8 Bg4 12. Qe1 Nfxe4 13. Nxe4 Nxe4 14.
d3 Nc5 15. fxe5 h5 16. Nc7 h4 17. Nd5 Bd8 18. Nf4 Qe8 19. d4 Ne6 20. exd6 h3
21. g3 Bb6 22. c3 Qc6 23. Qf2 Ng5 24. Ng6 Nf3+ 25. Qxf3 Bxf3 26. Ne7+ Kh7 27.
Nxc6 Bxc6 28. Bg5 Bg2 29. Rf2 1-0

[Event "15. Sparkassen Open 2016 - Gruppe B"]
[Site "Forchheim"]
[Date "2016.10.02"]
[Round "3.9"]
[White "Meyer, Robert"]
[Black "Zeltner, Ottmar"]
[Result "1/2-1/2"]
[WhiteElo "1748"]
[BlackElo "1971"]
[PlyCount "38"]
[EventDate "2016.??.??"]
[WhiteTeam "SC Stein"]
[BlackTeam "SK Rothenburg"]

1. d4 g6 2. Nf3 Bg7 3. e3 d6 4. Be2 Nf6 5. O-O O-O 6. b3 Nbd7 7. Bb2 c6 8. Nbd2
Qc7 9. c4 d5 10. Qc2 e6 11. h3 b6 12. Rac1 Bb7 13. Rfe1 Rfc8 14. Bf1 Ne8 15.
Qb1 Qd8 16. e4 dxe4 17. Nxe4 Nd6 18. Ba1 Nxe4 19. Qxe4 Ne5 1/2-1/2

[Event "15. Sparkassen Open 2016 - Gruppe B"]
[Site "Forchheim"]
[Date "2016.10.02"]
[Round "3.11"]
[White "Spangenberg, Romy"]
[Black "Homi, Joseph"]
[Result "1-0"]
[WhiteElo "1862"]
[BlackElo "1787"]
[PlyCount "57"]
[EventDate "2016.??.??"]
[WhiteTeam "SC Leipzig-Lindenau"]
[BlackTeam "SGem Fürth"]

1. e4 c6 2. d4 d5 3. e5 Bf5 4. Bd3 Bxd3 5. Qxd3 e6 6. f4 Qb6 7. Nf3 c5 8. c3
Nc6 9. O-O cxd4 10. cxd4 Nge7 11. Nc3 Nf5 12. Ne2 Rc8 13. Bd2 Bb4 14. Bc3 O-O
15. g4 Nh6 16. Ng5 g6 17. Qh3 Kg7 18. f5 f6 19. Nxe6+ Kh8 20. Nxf8 Bxf8 21.
fxg6 Nxe5 22. g5 Rxc3 23. bxc3 fxg5 24. Rxf8+ Kg7 25. gxh7 Kxh7 26. Raf1 g4 27.
R1f6 Qxf6 28. Rxf6 gxh3 29. Rxh6+ 1-0

[Event "15. Sparkassen Open 2016 - Gruppe B"]
[Site "Forchheim"]
[Date "2016.10.02"]
[Round "3.12"]
[White "Glück, Ulrich"]
[Black "Moses, Selina"]
[Result "0-1"]
[WhiteElo "1743"]
[BlackElo "1839"]
[PlyCount "50"]
[EventDate "2016.??.??"]
[WhiteTeam "MSA Zugzwang"]
[BlackTeam "TuS Coswig"]

1. d4 Nf6 2. c4 g6 3. Nc3 d5 4. cxd5 Nxd5 5. e4 Nxc3 6. bxc3 Bg7 7. Bc4 c5 8.
Be3 Nc6 9. Ne2 O-O 10. O-O Qc7 11. Qc1 b6 12. Rb1 Bb7 13. f3 Rac8 14. Bd3 Rfd8
15. Qb2 Qd6 16. Bb5 cxd4 17. Bxc6 dxc3 18. Qb4 Qxb4 19. Rxb4 Rxc6 20. Bd4 Ba6
21. Bxg7 Bxe2 22. Rd4 Rxd4 23. Bxd4 Bxf1 24. Kxf1 c2 25. Bb2 c1=Q+ 0-1

[Event "15. Sparkassen Open 2016 - Gruppe B"]
[Site "Forchheim"]
[Date "2016.10.02"]
[Round "3.13"]
[White "Hafensteiner, Tim"]
[Black "Reichel, Günther"]
[Result "1/2-1/2"]
[WhiteElo "1822"]
[BlackElo "1741"]
[PlyCount "40"]
[EventDate "2016.??.??"]
[WhiteTeam "Biebertaler SF"]
[BlackTeam "SC-SF Stockstadt"]

1. e4 c5 2. Nc3 Nc6 3. Nf3 d6 4. d4 cxd4 5. Nxd4 Bd7 6. Be3 Nf6 7. f3 g6 8. Qd2
Bg7 9. Be2 O-O 10. g4 Rc8 11. h4 Ne5 12. h5 Nc4 13. Bxc4 Rxc4 14. hxg6 hxg6 15.
Nb3 Qc7 16. Bh6 Nxe4 17. Nxe4 Bxb2 18. Bxf8 Rxe4+ 19. Kf2 Rc4 20. Ke3 Rc3+
1/2-1/2

[Event "15. Sparkassen Open 2016 - Gruppe B"]
[Site "Forchheim"]
[Date "2016.10.02"]
[Round "3.14"]
[White "Erdösi, Niko"]
[Black "Faust, Bernhard"]
[Result "1/2-1/2"]
[WhiteElo "1492"]
[BlackElo "1775"]
[PlyCount "37"]
[EventDate "2016.??.??"]
[WhiteTeam "TV Tegernsee"]
[BlackTeam "SK Rothenburg"]

1. e4 b6 2. d4 Bb7 3. Nc3 e6 4. a3 c5 5. d5 d6 6. Bf4 e5 7. Bg3 Be7 8. Bd3 Nf6
9. Nge2 Qc8 10. Bc4 Nbd7 11. O-O O-O 12. h3 a6 13. a4 Nh5 14. Bh2 g6 15. Ng3
Ng7 16. Qd2 Qd8 17. Nce2 Bg5 18. Qc3 Qe7 19. Rae1 1/2-1/2

[Event "15. Sparkassen Open 2016 - Gruppe B"]
[Site "Forchheim"]
[Date "2016.10.02"]
[Round "3.15"]
[White "Koelbl, Wolfgang"]
[Black "Kocak, Ediz"]
[Result "1-0"]
[WhiteElo "1815"]
[BlackElo "1819"]
[PlyCount "136"]
[EventDate "2016.??.??"]
[WhiteTeam "SK Klosterlechfeld"]
[BlackTeam "SW Nürnberg Süd"]

1. d4 Nf6 2. Nf3 e6 3. Bg5 Be7 4. e3 b6 5. Bd3 Bb7 6. Nbd2 d6 7. O-O Nbd7 8.
Qe2 O-O 9. e4 e5 10. c3 Re8 11. d5 Nh5 12. Bxe7 Qxe7 13. g3 g6 14. c4 Ng7 15.
Nh4 Rf8 16. Ng2 f5 17. f3 f4 18. g4 h5 19. h3 Kf7 20. Kf2 Rh8 21. Rh1 Rh7 22.
Rag1 Rah8 23. Qe1 g5 24. Qf1 Nf8 25. Ke1 Ng6 26. Kd1 Bc8 27. Qe1 Qd7 28. Qf1
Qa4+ 29. Ke2 Qxa2 30. Qa1 Qxa1 31. Rxa1 a5 32. Rhg1 hxg4 33. hxg4 Rh2 34. Kf2
Ne8 35. b4 axb4 36. Ra4 Bd7 37. Rxb4 Nf6 38. Rbb1 Ra8 39. Ra1 Rhh8 40. Nb3 Rhb8
41. Rxa8 Rxa8 42. Ra1 Rxa1 43. Nxa1 Be8 44. Nc2 Nd7 45. Nb4 Nc5 46. Be2 Nf8 47.
Ne1 Ke7 48. Nec2 Ba4 49. Na3 Nfd7 50. Nb5 Bxb5 51. cxb5 Nb7 52. Nc6+ Ke8 53.
Nb4 Na5 54. Na2 Nb3 55. Nc3 Nd4 56. Bc4 Nc5 57. Bf1 Ncb3 58. Bc4 Nd2 59. Be2
Nc2 60. Bd3 Ne3 61. Be2 Nb3 62. Bd3 Nc1 63. Be2 Nb3 64. Bd3 Nd4 65. Be2 Nb3 66.
Bd3 Nd4 67. Be2 Nb3 68. Bd3 Nc5 1-0

[Event "15. Sparkassen Open 2016 - Gruppe B"]
[Site "Forchheim"]
[Date "2016.10.02"]
[Round "3.16"]
[White "Mooser, Nicolas"]
[Black "Wulf, Jürgen"]
[Result "1/2-1/2"]
[WhiteElo "1832"]
[BlackElo "1932"]
[PlyCount "101"]
[EventDate "2016.??.??"]
[WhiteTeam "PSV Dorfen"]
[BlackTeam "SK Markdorf"]

1. Nf3 Nf6 2. g3 d5 3. Bg2 c5 4. O-O Nc6 5. d4 cxd4 6. Nxd4 e5 7. Nxc6 bxc6 8.
c4 Bb7 9. Nc3 Be7 10. Bg5 e4 11. cxd5 cxd5 12. Qa4+ Qd7 13. Qxd7+ Nxd7 14. Bxe7
Kxe7 15. Rac1 Rac8 16. Nb5 a6 17. Nd4 g6 18. Rfd1 f5 19. Kf1 Nb6 20. b3 Kd6 21.
Ke1 Ke5 22. e3 Nd7 23. Kd2 Nf6 24. f4+ Kd6 25. h3 Nh5 26. g4 fxg4 27. hxg4 Rxc1
28. Rxc1 Nf6 29. Bh3 h5 30. g5 Ng4 31. f5 gxf5 32. Nxf5+ Ke5 33. Ne7 Kd6 34.
Nf5+ Ke5 35. Ne7 Re8 36. Rc7 Ba8 37. Ng6+ Kf5 38. Bxg4+ hxg4 39. Nf4 Kxg5 40.
Rh7 g3 41. Rg7+ Kf5 42. Rxg3 d4 43. Rh3 Rc8 44. Ne2 dxe3+ 45. Kxe3 Rd8 46. Nd4+
Kg4 47. Rh6 Bb7 48. Rh7 Bd5 49. Ra7 Rd6 50. Rg7+ Kh5 51. Rh7+ 1/2-1/2

[Event "15. Sparkassen Open 2016 - Gruppe B"]
[Site "Forchheim"]
[Date "2016.10.02"]
[Round "3.17"]
[White "Pikal, Alexander"]
[Black "Drewes, Thomas"]
[Result "1-0"]
[WhiteElo "1962"]
[BlackElo "1824"]
[PlyCount "81"]
[EventDate "2016.??.??"]
[WhiteTeam "SC Ansbach"]
[BlackTeam "SV Würzburg"]

1. f4 d5 2. Nf3 Nf6 3. e3 Nc6 4. Bb5 Bd7 5. O-O e6 6. b3 a6 7. Bxc6 Bxc6 8. Bb2
Be7 9. Ne5 Bb5 10. d3 O-O 11. a4 Be8 12. Nd2 c5 13. a5 b5 14. axb6 Qxb6 15. Qf3
Bb5 16. Rfb1 Rfc8 17. Kh1 d4 18. e4 Qc7 19. Ndc4 Nd7 20. Bc1 Nxe5 21. Nxe5 f6
22. Nc4 Rcb8 23. Na3 Qb7 24. f5 Bd7 25. g4 Bd6 26. Nc4 Bc7 27. Bd2 Qc8 28. Rg1
Bb5 29. g5 Qf8 30. gxf6 Qxf6 31. Bg5 Qf7 32. Bh6 g6 33. f6 Bxc4 34. bxc4 Rb2
35. Rac1 a5 36. h4 Be5 37. Bg7 a4 38. h5 a3 39. hxg6 hxg6 40. Qh3 Qb7 41. Qxe6+
1-0

[Event "15. Sparkassen Open 2016 - Gruppe B"]
[Site "Forchheim"]
[Date "2016.10.02"]
[Round "3.18"]
[White "Nettelbeck, Jann"]
[Black "Lutter, Maximilian"]
[Result "0-1"]
[WhiteElo "1739"]
[BlackElo "1842"]
[PlyCount "80"]
[EventDate "2016.??.??"]
[WhiteTeam "Turm Kandel"]
[BlackTeam "SK Neumarkt"]

1. d4 Nf6 2. Bg5 e6 3. Nf3 c5 4. e3 h6 5. Bh4 b6 6. Nc3 Bb7 7. Bxf6 gxf6 8. d5
a6 9. dxe6 dxe6 10. Qxd8+ Kxd8 11. O-O-O+ Kc7 12. Bd3 Rg8 13. Rhg1 Nc6 14. Be2
Be7 15. g3 Rad8 16. Rxd8 Rxd8 17. Rd1 Rh8 18. Nh4 Ne5 19. Bh5 f5 20. f4 Bxh4
21. fxe5 Bg5 22. Bxf7 Bxe3+ 23. Kb1 Bc8 24. Ne2 Rh7 25. Bh5 Rd7 26. Rxd7+ Bxd7
27. c3 Bc6 28. Nf4 Be4+ 29. Ka1 Kd7 30. Bf7 Ke7 31. Bh5 b5 32. Ng6+ Kd8 33. Nf8
Bd5 34. b3 b4 35. c4 Be4 36. Kb2 Bg1 37. h3 Bf2 38. Nxe6+ Ke7 39. Nc7 Bxg3 40.
e6 Bxc7 0-1